00610nam a2200169 i 4500001000700000003000900007005001700016007000300033008004100036100003900077245007100116260005000187300003000237852003200267999001900299952012200318150452ES-MaACL20230906203523.0t|071030s1969 sp ||||1| spa d1 aValcárcel Mavor, Carlos.911247510aEnsayo para una teoría del otoño / cCarlos Valcárcel Mavor. a[Murcia : bs.n.], c1969 (fImp. Provincial) a103 p. : bil. ; c19 cm. aES-MaACLjC-51069 bR.72647 c150452d150452 00104070aATENEOMbATENEOMcDEPO2d2008-01-17eSCl0oC-51069p1156995r2023-02-23 00:00:00w2023-02-23yMONOGRAFIA